LIBRARY & INFORMATION CENTRE, KCAET, TAVANUR

ONLINE PUBLIC ACCESS CATALOGUE (OPAC)

Principles of Thermodynamics in Agricultrural Engineering (Record no. 14165)

MARC details
000 -LEADER
fixed length control field 00314nam a22001217a 4500
020 ## - INTERNATIONAL STANDARD BOOK NUMBER
ISBN 97881272488833
082 ## - DEWEY DECIMAL CLASSIFICATION NUMBER
Classification number 621.402
Item number SAN/PR
100 ## - MAIN ENTRY--AUTHOR NAME
Personal name Sanjay kumar
245 ## - TITLE STATEMENT
Title Principles of Thermodynamics in Agricultrural Engineering
260 ## - PUBLICATION, DISTRIBUTION, ETC. (IMPRINT)
Place of publication New Delhi
Name of publisher Kalyani Pub.
Year of publication 2008
300 ## - PHYSICAL DESCRIPTION
Number of Pages 408
942 ## - ADDED ENTRY ELEMENTS (KOHA)
Koha item type Books
Holdings
Withdrawn status Lost status Damaged status Collection code Home library Current library Shelving location Date acquired Source of acquisition Cost, normal purchase price Full call number Accession Number Koha item type
        KAUAET KAUAET General Stacks 18/12/2014 Aman Book Stall Calicut 0.00 621.402 SAN/PR 23963 Books
free website counter